|
|
|
|
| LEADER |
01549nam a2200373Ii 4500 |
| 001 |
34449 |
| 003 |
BD-DhAAL |
| 005 |
20190328095837.0 |
| 008 |
190328t20182018nyua b 001 0 eng d |
| 999 |
|
|
|c 40585
|d 40585
|
| 020 |
|
|
|a 1138710229
|
| 020 |
|
|
|a 9781138710221 (hbk)
|
| 020 |
|
|
|a 9781351181082 (ebk)
|
| 035 |
|
|
|a (OCoLC)982794442
|
| 035 |
|
|
|a 10214214
|
| 040 |
|
|
|a YDX
|b eng
|e rda
|c YDX
|d UAB
|d NIC
|d BD-DhAAL
|
| 050 |
1 |
4 |
|a PR1195.S3
|b J664 2018
|
| 082 |
0 |
4 |
|a 827.3
|2 23
|
| 100 |
1 |
|
|a Jones, William R.,
|e author.
|9 30730
|
| 245 |
1 |
0 |
|a Satire in the Elizabethan era :
|b an activistic art /
|c William R. Jones.
|
| 260 |
|
|
|a Abingdon, Oxon ;
|a New York, NY :
|b Routledge, Taylor & Francis Group,
|c c2018
|
| 300 |
|
|
|a x, 168 pages :
|b illustration ;
|c 24 cm.
|
| 490 |
1 |
|
|a Routledge studies in Renaissance literature and culture
|
| 504 |
|
|
|a Includes bibliographical references and index.
|
| 526 |
|
|
|a ENH
|
| 541 |
|
|
|a Parama Publishers
|e 34449
|
| 650 |
|
0 |
|a Satire, English
|x History and criticism.
|9 30731
|
| 650 |
|
0 |
|a English prose literature
|y Early modern, 1500-1700
|x History and criticism.
|9 30732
|
| 650 |
|
7 |
|a English prose literature
|x Early modern.
|2 fast
|9 30733
|
| 650 |
|
7 |
|a Satire, English.
|9 30734
|
| 830 |
|
0 |
|a Routledge studies in Renaissance literature and culture.
|9 30735
|
| 852 |
|
|
|a Ayesha Abed Library
|c General Stacks
|
| 942 |
|
|
|2 ddc
|c BK
|
| 952 |
|
|
|0 0
|1 0
|2 ddc
|4 0
|6 827_300000000000000_JON
|7 0
|9 65207
|a BRACUL
|b BRACUL
|c GEN
|d 2019-02-26
|e Parama Publishers
|g 8165.00
|l 0
|o 827.3 JON
|p 3010034449
|r 2019-02-26
|t 1
|v 8165.00
|w 2019-02-26
|y BK
|